000 00424nam a2200193Ia 4500
000 00746ngmaa2200277 a 4500
003 RNL
006 g||||fr|||| a0| fz
007 hj bfb|||baap
008 090707b ii f a fnsan d
040 _aeng
100 _aKaranjit Singh
245 _aAenee Maery Baat
250 _a1st ed.
260 _adelhi,
260 _bManpreet Prakashan
260 _c2014
942 _cBK
999 _c24530
_d24530